| 000 | 00585nam a22001937a 4500 | ||
|---|---|---|---|
| 005 | 20250221191415.0 | ||
| 008 | 250221b |||||||| |||| 00| 0 eng d | ||
| 020 | _a9780071288514 | ||
| 050 |
_aHD30.28 _b.D4743 DES |
||
| 100 | _aDess Gregory G. | ||
| 245 |
_aStrategic Management: _bText and Cases/ _cGregory G. Dess, G. T. Lumpkin & Alan B. Eisner |
||
| 250 | _a4th Ed. | ||
| 260 |
_aBoston _bMcGraw-Hill _c2008 |
||
| 300 |
_axxx. (various pagings.) _bill. col. _c24 cm |
||
| 650 | _2Management | ||
| 700 | _aLumpkin G. T. | ||
| 700 | _aEisner Alan B. | ||
| 942 |
_2lcc _cBK _e4th Ed. _n0 |
||
| 999 |
_c4059 _d4059 |
||